Most Active Sunsettians - Statistics

General Stats
  • This quiz has been taken 24 times
    10 since last reset
  • The average score is 81 of 120
Answer Stats
Rank Member % Correct
2 | 4 Adartho
100%
32 | 34 Bacon
100%
5 | 14 Bedzi
100%
24 | 27 Fire
100%
4 | 11 Fish
100%
1 GLR
100%
7 Hasona
100%
10 | 11 Hugo
100%
20 | 23 Kaseter
100%
6 | 10 KCM
100%
17 | 27 MarvinDarwin
100%
2 | 6 NaZa
100%
8 | 13 Nico
100%
15 | 47 Ninny
100%
3 Ocros
100%
37 | 50 Rovad55
100%
5 | 9 SKM
100%
22 | 30 Sunset
100%
8 | 13 WESTZ
100%
18 | 22 Zakytan
100%
19 | 20 Andrew
80%
37 | 47 Asuna
80%
35 | 44 Bondi
80%
19 | 25 Cemelotzwart
80%
28 Cilria
80%
53 Davicraftlondon
80%
18 | 39 Filip
80%
33 | 42 Majestaz
80%
21 | 26 Marselo
80%
14 | 17 Silas
80%
39 Will o' Wisp
80%
9 | 12 Yinayush
80%
43 Box
60%
16 | 26 Firestar
60%
32 H2Oceanic
60%
40 H2oceanic
60%
38 | 48 MangoMan
60%
51 | 58 Max
60%
57 Maxime
60%
31 | 34 Meme
60%
15 | 24 Novvan
60%
57 Ordic
60%
36 | 41 Rag
60%
12 | 16 Saurie
60%
60 Skellington
60%
42 | 52 Tee
60%
43 | 44 User1515
60%
23 Altaic
40%
31 | 35 Denatidum
40%
30 | 36 Magical
40%
46 MossW
40%
55 Philippierre
40%
21 | 29 TNK
40%
60 u1145
40%
52 | 59 Voxsmash
40%
40 | 49 Xcyiterr
40%
29 | 38 DarkRider
20%
59 Doob
20%
50 Eter9nity
20%
54 Eternium
20%
48 | 55 Grant3
20%
58 Homepup
20%
53 Neva
20%
41 | 45 PeenerBeaver
20%
45 | 54 Potchie
20%
46 | 51 Quieres
20%
49 | 56 Rebornkaan
20%
56 Vanali
20%
25 | 33 Sammy
0%
No matching quizzes found
Score Distribution
Percent of People with Each Score
Percentile by Number Answered
Your Score History
You have not taken this quiz since the last reset